000 00419nam a2200169Ia 4500
005 20250225144823.0
008 231217s9999 xx 000 0 und d
020 _a8178814994
082 _a658.32259 RAM;1 R
100 _aRamani, V V ed.
245 0 _aESOPs : an introduction
260 _c2005
_bICFAI Press
_aHyderabad
300 _a204
500 _aContent page available
650 _aESOPs
942 _cAA
999 _c181385
_d181385